The Truth About Vitamins (Record no. 335124)
[ view plain ]
| 000 -LEADER | |
|---|---|
| fixed length control field | 00539nam a2200097Ia 4500 |
| 008 - FIXED-LENGTH DATA ELEMENTS--GENERAL INFORMATION | |
| fixed length control field | 170517s9999 xx 000 0 und d |
| 245 #4 - TITLE STATEMENT | |
| Title | The Truth About Vitamins |
| 300 ## - PHYSICAL DESCRIPTION | |
| Extent | Vitamins without doubt are vital to our health. And it remains possible that high dose vitamin supplements will one day be proven to protect against illnesses like heart disease and cancer. But so far, definitive evidence for these claims remains largely elusive. And... |
| 650 ## - SUBJECT ADDED ENTRY--TOPICAL TERM | |
| General subdivision | Technology. |
| 856 ## - ELECTRONIC LOCATION AND ACCESS | |
| Uniform Resource Identifier | <a href="http://topdocumentaryfilms.com/the-truth-about-vitamins/">http://topdocumentaryfilms.com/the-truth-about-vitamins/</a> |
| Withdrawn status | Lost status | Damaged status | Home library | Current library | Date acquired | Total Checkouts | Date last seen | Price effective from | Koha item type |
|---|---|---|---|---|---|---|---|---|---|
| College Library | College Library | 05/17/2017 | 05/17/2017 | 05/17/2017 | Documentary Films |